| 000 | 00947nam a2200217Ia 4500 | ||
|---|---|---|---|
| 003 | Ost | ||
| 005 | 20260507075652.0 | ||
| 008 | 260507s9999||||xx |||||||||||||| ||und|| | ||
| 040 | _cfsecg | ||
| 041 | _aara | ||
| 082 | _a658.049 | ||
| 100 |
_aأبو قحف، عبد السلام _eمؤلف |
||
| 245 | 0 |
_aبحوث التسويق والتسويق الدولي / _c عبد السلام أبو قحف |
|
| 260 |
_aالإسكندرية: _bدار الجامعة الجديدة, _c2004 |
||
| 300 |
_a563 صفحة؛ _bإيضاحات ؛ _c25 سم |
||
| 520 | _aبحوث التسويق- التسويق الدولي- تصنيف البحوث- بيئة التسويق الدولي- التسويق الدولي للخدمات- سياسة التوزيع الدولي- التسعير في الاسواق الدولية. | ||
| 653 | _aأدارة المبيعات | ||
| 653 | _aالتسويق | ||
| 653 | _aالتسويق الدولي | ||
| 942 | _cكتاب | ||
| 999 |
_c45635 _d45635 |
||